Selected works of Jawaharlal Nehru / (Record no. 55966)

MARC details
000 -LEADER
fixed length control field 02686nam a22003977a 4500
005 - DATE AND TIME OF LATEST TRANSACTION
control field 20170825111533.0
008 - FIXED-LENGTH DATA ELEMENTS--GENERAL INFORMATION
fixed length control field 110825t xxu||||| |||| 00| 0 eng d
010 ## - LCCN (DPL NO)
LC control number ENG-86714-17 ENG-101770 ENG-101935 ENG-103593
020 ## - INTERNATIONAL STANDARD BOOK NUMBER
International Standard Book Number 0195681231 (v.36)
Terms of availability 0.00 (v.36)70
020 ## - INTERNATIONAL STANDARD BOOK NUMBER
International Standard Book Number 0195684506 (v.37)
Terms of availability 700.00 (v.37)
020 ## - INTERNATIONAL STANDARD BOOK NUMBER
International Standard Book Number 0195688139 (v.38)
Terms of availability 800.00 (v.38)
020 ## - INTERNATIONAL STANDARD BOOK NUMBER
International Standard Book Number 0195691504 (v.39)
Terms of availability 800.00 (v.39)
020 ## - INTERNATIONAL STANDARD BOOK NUMBER
International Standard Book Number 0198070667(v.41)
Terms of availability 1000.00(v.41)
020 ## - INTERNATIONAL STANDARD BOOK NUMBER
International Standard Book Number 9780198070665(v.41)
Terms of availability 1000.00(v.41)
020 ## - INTERNATIONAL STANDARD BOOK NUMBER
International Standard Book Number 9780198072430 (v.42)
Terms of availability 1000.00
020 ## - INTERNATIONAL STANDARD BOOK NUMBER
International Standard Book Number 9780198077190(v.43)
Terms of availability 1000.00
020 ## - INTERNATIONAL STANDARD BOOK NUMBER
International Standard Book Number 019807719x(v.43)
Terms of availability 1000.00
035 ## - SYSTEM CONTROL NUMBER
System control number EN-70247-50
035 ## - SYSTEM CONTROL NUMBER
System control number EN-85303
035 ## - SYSTEM CONTROL NUMBER
System control number EN-85468
035 ## - SYSTEM CONTROL NUMBER
System control number EN-87126
037 ## - SOURCE OF ACQUISITION
Source of stock number/acquisition DBAD / PUB
040 ## - CATALOGING SOURCE
Original cataloging agency dpl
Language of cataloging Eng
082 00 - DEWEY DECIMAL CLASSIFICATION NUMBER
Classification number 080
245 10 - TITLE STATEMENT
Title Selected works of Jawaharlal Nehru /
Statement of responsibility, etc edited by Mushirul Hasan
260 ## - PUBLICATION, DISTRIBUTION, ETC. (IMPRINT)
Place of publication, distribution, etc New Delhi
Name of publisher, distributor, etc Jawaharlal Nehru Memorial Fund
Date of publication, distribution, etc 2005-07
-- 2010
-- 2010
-- 2011
300 ## - PHYSICAL DESCRIPTION
Extent v. <1-39> v.36-39 v.41 v.42 ; v.43(752p.; 636p.; 863p.; 887p.;938p.; 922p.;712) :
Other physical details ill.
Dimensions 25 cm (Hb)
490 ## - SERIES STATEMENT
Series statement second series
500 ## - GENERAL NOTE
General note "A project of the Jawaharlal Nehru Memorial Fund."
500 ## - GENERAL NOTE
General note Includes indexes.
500 ## - GENERAL NOTE
General note D.B.Act Division received V.21, 22, 23, 24, 25, 31, 33, 34 & 35 on 2005 & V.37 to V.39 recd. on 10.09.2007. V.41; V.42 recd. on 14.01.2011; V.43 recd. on 24.8.2011 (922p.)
505 1# - FORMATTED CONTENTS NOTE
Formatted contents note -- v. 15. pt. 2. 26 October 1950-28 February 1951 -- v. 16. pt. 1. 1 March 1951-30 June 1951 -- pt. 2. 1 July 1951-31 October 1951 -- v. 17. 1 November 1951-31 March 1952 -- v. 18. 1 April-15 July 1952 -- v. 19. 16 July 1952-18 October 1952 -- v. 20. 19 October 1952-31 December 1952 -- v. 21. 1 January 1953-31 March 1953 -- v. 22. 1 April 1953-30 June 1953 -- v. 23. 1 July 1953-30 September 1953 -- v. 24. 1 October 1953-31 January 1954 -- v. 25. 1 February 1954-31 May 1954 -- v. 26. 1 June 1954-30 September 1954 -- v. 27. 1 October 1954-31 January 1955 -- v. 28. 1 February-31 May 1955 -- v. 29. 1 June 1955-31 August 1955 -- v. 30. 1 September-17 November 1955 -- v. 31. 18 November 1955-31 January 1956 -- v. 32. 1 February-30 April 1956 -- v. 33. 1 May-20 June 1965 -- v. 34. 21 June-31 August 1956 -- v. 35. 1 September-30 November 1956 -- v. 36. 1 December 1956-21 February 1957 (752p.) -- v. 37. 22 February-30 April 1957 (636p.) -- v. 38. 1 May-31 July 1957(863p.) -- v. 39. 1 August - October 1957 (887p.) --v.41.1 January-31 March 1958 v.42 1 April-30 June 1958; v.43-1 July-31 August 1958
700 ## - ADDED ENTRY--PERSONAL NAME
Personal name Mushirul Hasan
9 (RLIN) 24619
710 2# - ADDED ENTRY--CORPORATE NAME
Corporate name or jurisdiction name as entry element Jawaharlal Nehru Memorial Fund.
9 (RLIN) 24620
942 ## - ADDED ENTRY ELEMENTS (KOHA)
Item type English Books
Institution code [OBSOLETE] dpl
Source of classification or shelving scheme Dewey Decimal Classification
Classification part 080
Call number suffix NEH
Holdings
Withdrawn status Lost status Source of classification or shelving scheme Damaged status Not for loan Collection code Home library Current library Date acquired Source of acquisition Cost, normal purchase price Total Checkouts Full call number Barcode Date last seen Copy number Cost, replacement price Koha item type
    Dewey Decimal Classification   Not For Loan Non-fiction D.B.Act.Division D.B.Act.Division 25/08/2011 DBAD/PUB 1000.00   080 NEH EN-87126 25/08/2011 1 1000.00 English Books

© Delhi Public Library
Hit Counter
free hit counter